Fisiología del deporte

Na minha lista:
Detalhes bibliográficos
Autor principal: Fox, Edward L (Author)
Formato: Livro
Idioma:espanhol
Publicado em: Buenos Aires Médica Panamericana 1988
Assuntos:
Tags: Adicionar Tag
Sem tags, seja o primeiro a adicionar uma tag!

MARC

LEADER 00000nam a2200000 a 4500
001 UCW3741
003 CL-VaPUC
008 890106e19880000AG |||||||||||||||||spa|d
082 0 4 |a 612  |b FOX  |2 21 
100 0 |a Fox, Edward L  |e author  |9 308095 
245 1 0 |a Fisiología del deporte 
300 |a 351 p 
942 |c BK 
945 |d 19890106 00:00:00 
260 |a Buenos Aires  |b Médica Panamericana  |c 1988 
650 7 |a FISIOLOGIA  |2 CL-VaPUC  |9 308096 
650 0 |a Fisiología humana   |9 269557 
650 7 |a DEPORTES ASPECTOS FISIOLOGICOS  |2 CL-VaPUC  |9 307561 
583 |a last modification  |c 19890106 00:00:00  |k Rodrigo Vera 
999 |c 217643  |d 217641 
952 |0 0  |1 0  |4 0  |6 612_000000000000000_FOX_1988  |7 0  |8 P  |9 205613  |a BIBEDU  |b BIBEDU  |c BIBEDU_PB  |d 2019-11-15  |i 2735865  |o 612 FOX 1988  |p 2735865  |r 2024-01-25  |w 2019-11-15  |y BK  |k EDU 
952 |0 0  |1 0  |4 0  |6 612_000000000000000_FOX_1988  |7 0  |8 P  |9 205614  |a BIBEDU  |b BIBEDU  |c BIBEDU_PB  |d 2019-11-15  |i 2735873  |o 612 FOX 1988  |p 2735873  |r 2024-01-25  |w 2019-11-15  |y BK  |k EDU 
952 |0 0  |1 0  |4 0  |6 612_000000000000000_FOX_1988  |7 0  |8 P  |9 205616  |a BIBEDU  |b BIBEDU  |c BIBEDU_PB  |d 2019-11-15  |i 2735903  |o 612 FOX 1988  |p 2735903  |r 2024-01-25  |w 2019-11-15  |y BK  |k EDU